000 00558nam a2200181Ia 4500
003 OSt
005 20260328084613.0
008 211028s2009 xx 000 0 und d
040 _cAIMIT LIBRARY
041 _aeng
082 _a658.15 DSON
100 _aDsouza, Nixon Derrel;Dias, Beena.
_g716091
_96295
245 _aAnalysis of turnaround time taken by the bank towards the application of agriculure loan with reference to Corporation Bank /
260 _bDias, Beena
_c2009
600 _aFinance
_96296
650 _aFinance
_96297
942 _2ddc
_cPRO
999 _c218190
_d218190